000 03925nam a22003377a 4500
005 2011062801211.0
010 _aB-438454-464
020 _a9788128824685
_c95.00
035 _aB-438454-464
037 _bएलाईड पब्लिशर्स/Ven
100 _aसिन्हा, सूर्या
_928935
245 _aचुभते कड़वे प्रवचन:
_cसूर्या सिन्हा
_bविचारों भरी अनमोल कृति /
246 _aChubhtey Vichar:
_bby Surya Sinha
260 _aनई दिल्ली
_bडायमंड पॉकेट बुक्स
_c2010
270 _aX-30, अखसा इंडस्ट्रियल एरिया, फेज-11
_bनई दिल्ली
_e110020
_k011 41611861
_l011 41611866
_msales@dpb.in
300 _a145पृ
_c22सेमी (अजिल्द)
700 _96534
942 _2ddc
_cHN
_mसिन्हासू
_h158.1
999 _c53322
_d53322